Stonožka. Slimáky

Bibliographic Details
Main Author: Štefánková, Mária, 1951- (Author)
Other Authors: Brestenská, Elena, 1948-1994 (gup)
Format: Article
Language:Slovak
Subjects:

MARC

LEADER 00000nab a2200000 a 4500
001 vtls000287255
003 SK-MaSNL
005 20260303214202.0
008 111201c1987 xo 0 slo
015 |a SNBRB19rr/mm-uuuuu 
035 |a CL0297373 
040 |a SNKBUCL  |b slo  |c SNKBUCL  |e AACR2 
041 0 |a slo 
044 |a xo  |c SK 
080 |a 885.4-1(087.5)  |2 1981 
100 1 |a Štefánková, Mária,  |d 1951-  |4 aut  |9 86067 
245 1 0 |a Stonožka. Slimáky  |c Mária Štefánková ; Elena Brestenská 
650 0 7 |a rečňovanky  |2 snkbucl  |9 278360 
655 7 |a články z novín a časopisov  |2 snkbucl  |9 267496 
655 7 |a články z odboru literárna veda a krásna literatúra  |2 snkbucl  |9 770045 
700 1 |a Brestenská, Elena,  |d 1948-1994  |4 gup  |9 37928 
773 0 |t Zornička  |g Roč. 39, č. 24 (1987), s. 9 
850 |a Slovenská národná knižnica v Martine  |a MTA001 
852 |a SNK  |b KIS3GCP 
958 |a RK 
958 |a LX 
992 |a RBX 
999 |c 2215815  |d 2217745